00826nam a2200169 a 450000500170000000800410001702000180005805000240007624500740010026000350017430000170020944000380022650000200026452003360028465000110062065000250063120140412111312.0010326s19uu xx 00 eng d a0-7835-1314-3 aREF 170bC54Ne v.10 aA New coat of leaves :ba book about being accepting the way we look. aAsia :bTime Life Asia,c1997. a29 p. ; ill. aA Child's First Library of Values aw/ casette tape aThe cedar tree is unhappy with the way it looks and makes several wishes to change its coat of leaves. By magic, each wish comes true, but the three finds that the new coat will not protect it against the natural dangers that surround it. In the end, the three realizes just why its own coat of leaves suits it best of all . . . aValues aAceeptance - Fiction